Housing in a federation: from wicked problem to complexity cascade? (Record no. 110030)

000 -LEADER
fixed length control field 01737pab a2200193 454500
008 - FIXED-LENGTH DATA ELEMENTS--GENERAL INFORMATION
fixed length control field 180718b2015 xxu||||| |||| 00| 0 eng d
100 ## - MAIN ENTRY--PERSONAL NAME
Personal name Walters, James
245 ## - TITLE STATEMENT
Title Housing in a federation: from wicked problem to complexity cascade?
260 ## - PUBLICATION, DISTRIBUTION, ETC.
Date of publication, distribution, etc. 2015
300 ## - PHYSICAL DESCRIPTION
Extent p.448-466.
362 ## - DATES OF PUBLICATION AND/OR SEQUENTIAL DESIGNATION
Dates of publication and/or sequential designation Dec
520 ## - SUMMARY, ETC.
Summary, etc. The Commonwealth's periodic attempts at housing and urban policy reform since the 1940s have been made in the face of a federal structure that allocates responsibility for such matters to the states. This paper explores the experience of federal governments since the 1940s, considering the various styles of political leadership, varying ways in which the problem has been framed, and differing policy settings that have been employed in resolving policy challenges. The historical narrative clarifies phases of active engagement and reaction, linking these to fiscal asymmetry and distribution of federal state responsibilities, historical gateway events, and transitions in policy paradigms. We argue that housing is a perpetual concern (both a basic need and an aspirational objective) and is so integrally related to other policy domains in which decisions may have unintended consequences for housing that it is never conclusively resolved. The complexity (and uncertainty) consequent upon these inter -relationships ensures that housing remains a wicked problem. The visual metaphor of a complexity cascade, however, may assist a more nuanced appreciation of the direction of policy travel. - Reproduced.
650 ## - SUBJECT ADDED ENTRY--TOPICAL TERM
Topical term or geographic name entry element Federalism - Australia
650 ## - SUBJECT ADDED ENTRY--TOPICAL TERM
Topical term or geographic name entry element Housing - Australia
650 ## - SUBJECT ADDED ENTRY--TOPICAL TERM
Topical term or geographic name entry element Housing
700 ## - ADDED ENTRY--PERSONAL NAME
Personal name Holbrook, Carolyn
773 ## - HOST ITEM ENTRY
Main entry heading Australian Journal of Public Administration
909 ## -
-- 110035
Holdings
Withdrawn status Lost status Damaged status Not for loan Permanent Location Current Location Date acquired Serial Enumeration / chronology Barcode Date last seen Price effective from Koha item type
        Indian Institute of Public Administration Indian Institute of Public Administration 2018-07-19 Volume no: 74, Issue no: 4 AR110495 2018-07-19 2018-07-19 Articles

Powered by Koha